| 000 | 00931nmm a2200277 a 4500 | ||
|---|---|---|---|
| 001 | ocm000780151 | ||
| 003 | TR-IsHL | ||
| 005 | 20201028153131.0 | ||
| 008 | 140311s2013 tu tur | ||
| 007 | cr cn | ||
| 020 | _a9786055125059 | ||
| 035 |
_a780151 _b(N$T) |
||
| 050 | 0 | 4 |
_aJC179 _b.R68 2013 |
| 090 | 0 | 4 |
_aJC179 _b.R68 2013 |
| 100 | 1 | _aRousseau, Jean Jacgues | |
| 245 | 1 | 0 |
_aToplum sözleşmesi _h[electronic resource] / _cJean Jacgues Rousseau ; tercüme Şemsettin Yeltekin |
| 260 |
_aİstanbul : _bAraf Yayınları, _c2013 |
||
| 300 | _a199 p. | ||
| 650 | 4 | _aPolitika ve Uluslararası İlişkiler | |
| 650 | 4 | _aPolitics and International Relations | |
| 650 | 0 | _aSosyal sözleşme | |
| 650 | 0 | _aSocial contract | |
| 650 | 7 |
_aSOCIAL SCIENCE / Social Work _2bisacsh |
|
| 700 | 1 | _aYeltekin, Şemsettin | |
| 856 | 4 | 0 | _uhttp://search.ebscohost.com/login.aspx?direct=true&scope=site&db=e011xww&AN=780151 |
| 999 |
_c11889 _d11889 |
||